[Event "Superbet Blitz GCT 2019"]
[Site "Bucharest"]
[Date "2019.11.10"]
[Round "15"]
[White "Anand, Viswanathan"]
[Black "Karjakin, Sergey"]
[Result "1/2-1/2"]
[WhiteElo "2757"]
[BlackElo "2754"]
[Annotator "TA"]
[PlyCount "41"]
[EventDate "2019.11.09"]
[EventType "tourn"]
[EventCountry "ROU"]
[SourceTitle "playchess.com"]
[Source "ChessBase"]
[SourceQuality "1"]

{[%evp 18,29,17,18,19,21,23,20,8,8,16,8,0,0]} 1. e4 e5 2. Nf3 Nc6 3. Bb5 Nf6 4. O-O Nxe4 5. Re1 Nd6 6. Nxe5 Be7 7. Bf1 Nxe5 8. Rxe5 O-O 9. d4 Bf6 10. Re1 Re8 {C67: Ruy Lopez: Berlin Defence: 4 0-0 Nxe4} 11. Bf4 (11. Rxe8+ Nxe8 12. d5 d6 13. Nd2 Bf5 14. Nf3 Be4 15. Bd3 Qe7 16. c4 c6 17. dxc6 Bxc6 18. Rb1 {½-½ (30) Anand,V (2774)-Karjakin,S (2752) Cupar 2019}) 11... Rxe1 12. Qxe1 Ne8 {The position is equal.} 13. c3 d5 14. Bd3 g6 15. Nd2 {[#]} {Predecessor:} Ng7 $146 16. Nf3 c6 17. Qe2 Bg4 18. h3 Ne6 19. Bh2 Bxf3 20. Qxf3 Be7 21. Be5 {½-½ (21) Kovalev,V (2661)-Wang,H (2737) Poikovsky 2019} 1/2-1/2

[Event "Superbet Blitz GCT 2019"]
[Site "Bucharest"]
[Date "2019.11.10"]
[Round "15"]
[White "Le, Quang Liem"]
[Black "So, Wesley"]
[Result "0-1"]
[WhiteElo "2713"]
[BlackElo "2760"]
[Annotator "TA"]
[PlyCount "92"]
[EventDate "2019.11.09"]
[EventType "tourn"]
[EventCountry "ROU"]
[SourceTitle "playchess.com"]
[Source "ChessBase"]
[SourceQuality "1"]

{[%evp 17,92,1,12,-6,7,0,0,0,0,-61,-37,-35,-38,-50,-20,-66,-62,-127,-133,-181,-172,-312,-290,-378,-376,-385,-382,-396,-380,-489,-506,-556,-552,-518,-478,-545,-497,-594,-429,-462,-451,-455,-439,-558,-549,-601,-583,-638,-674,-675,-656,-658,-570,-591,-581,-613,-607,-623,-610,-597,-581,-710,-698,-695,-679,-657,-651,-895,-819,-5173,-5110,-1209,-1168,-29973,-29974,-6195,-5879]} 1. d4 Nf6 2. c4 e6 3. g3 d5 4. Bg2 dxc4 5. Nf3 c5 6. O-O Nc6 7. Ne5 Bd7 8. Na3 cxd4 9. Naxc4 Be7 10. Qb3 {E04: Open Catalan: 5 Nf3} Qc7 11. Nxc6 Bxc6 ({Don't play} 11... bxc6 $6 12. Bf4 $16) 12. Bf4 {The position is equal.} Qd8 13. Rfd1 $146 (13. Bxc6+ $11 bxc6 14. Rfc1) ({Predecessor:} 13. Bxc6+ bxc6 14. Qa4 O-O 15. Qxc6 Rc8 16. Qa4 Nd5 {½-½ (16) Shirov,A (2679)-Landa,K (2601) Czech Republic 2017}) 13... Bxg2 $15 14. Kxg2 Qd5+ 15. f3 b5 $1 {[%cal Rb5c4]} 16. Na5 e5 $1 {[%cal Re5f4]} 17. Bg5 ({White should play} 17. Qxd5 $15 Nxd5 18. e4) 17... Qxb3 $17 18. axb3 Nd5 $36 {[%mdl 2048] Black is really pushing.} 19. e4 (19. Bxe7 $142 Kxe7 20. Rdc1) 19... Nb4 $19 ({Not} 19... Bxg5 20. exd5 Kd7 21. Nc6 $15) 20. Bd2 Kd7 21. f4 {[#]} f6 $1 22. Kf3 Rhc8 23. Rdc1 Nd3 24. Rxc8 Rxc8 25. b4 Bxb4 26. Nb3 Bxd2 27. Nxd2 {[%mdl 4096] Endgame KRN-KRN} Rc7 28. fxe5 fxe5 29. b3 Nb4 30. Kg4 Ke6 31. Nf3 h6 32. Nh4 d3 33. Kf3 Rf7+ 34. Kg2 a6 35. Nf5 h5 36. Ne3 d2 37. Rd1 Rd7 38. Nf1 a5 39. Rxd2 a4 40. bxa4 bxa4 {[%cal Bb5a4,Ba4a3,Ba3a2][%mdl 32]} 41. Rb2 Rd4 42. Ne3 a3 43. Rb3 a2 44. Ra3 Rd3 45. Rxd3 Nxd3 46. Nc2 {[#]} Ne1+ $1 {[%mdl 576] Promotion. Accuracy: White = 24%, Black = 96%.} 0-1

[Event "Superbet Blitz GCT 2019"]
[Site "Bucharest"]
[Date "2019.11.10"]
[Round "15"]
[White "Korobov, Anton"]
[Black "Giri, Anish"]
[Result "1/2-1/2"]
[WhiteElo "2670"]
[BlackElo "2776"]
[Annotator "TA"]
[PlyCount "70"]
[EventDate "2019.11.09"]
[EventType "tourn"]
[EventCountry "ROU"]
[SourceTitle "playchess.com"]
[Source "ChessBase"]
[SourceQuality "1"]

{[%evp 9,70,18,23,24,12,12,14,10,9,12,14,0,18,4,0,12,18,0,46,41,36,38,55,14,20,16,12,5,18,4,7,0,0,-27,-35,-33,-29,-83,0,0,0,0,0,-6,0,0,83,28,39,21,16,16,20,22,21,29,43,0,0,0,29,0,0]} 1. d4 d5 2. c4 c6 3. cxd5 cxd5 4. Bf4 Nc6 5. e3 (5. Nc3 Nf6 6. e3 a6 7. Rc1 e6 8. Bd3 Be7 9. Nf3 O-O 10. h3 Bd6 11. O-O Bxf4 12. exf4 Qd6 13. Ne5 Bd7 14. Nxc6 Bxc6 15. Qd2 Ne4 16. Qe3 Qb4 17. Nxe4 dxe4 18. Bxe4 Bxe4 19. Qxe4 Qxb2 {0-1 (55) Lysyj,I (2642)-Malakhov,V (2660) Sochi 2019}) 5... Nf6 6. Bd3 {D10: Slav Defence: 3 cxd5 (without early Nf3) and 3 Nc3} Bg4 7. Ne2 e6 8. Nbc3 Be7 9. O-O O-O 10. Rc1 Rc8 $146 ({Predecessor:} 10... Bh5 11. a3 Rc8 12. b4 Bg6 13. Bxg6 hxg6 {0-1 (58) Voveris,G (2240)-Gross Winter,G (2303) ICCF email 2015}) 11. Qb3 Na5 12. Qa4 Nc6 13. Ng3 Nh5 14. h3 Nxg3 $1 15. Bxg3 Bh5 $1 16. a3 a6 17. b4 Bg6 18. Be2 Qd7 19. Qb3 b5 20. Na2 Na7 21. Rc5 Bxc5 22. bxc5 Nc6 23. Nb4 {[#]} (23. Qc3 $1 $11 {was the only way to keep the balance.}) 23... Qb7 ({Better is} 23... Na5 $1 $17 {[%cal Ra5b3]} 24. Qc3 Nc4) 24. Nxc6 $11 Qxc6 25. Ra1 Ra8 26. a4 {[%cal Ra4b5]} bxa4 27. Rxa4 h6 (27... a5 $11 {remains equal.}) 28. Ra5 (28. Rb4 $16) 28... Ra7 29. Qb6 Qxb6 30. cxb6 Rb7 31. Bc7 Rc8 $1 32. Rc5 Ra8 33. Ra5 {[%mdl 1024] White has compensation.} Rc8 $1 34. Rc5 Ra8 35. Ra5 Rc8 $1 {Accuracy: White = 51%, Black = 73%.} 1/2-1/2

[Event "Superbet Blitz GCT 2019"]
[Site "Bucharest"]
[Date "2019.11.10"]
[Round "16"]
[White "Caruana, Fabiano"]
[Black "Korobov, Anton"]
[Result "1-0"]
[WhiteElo "2822"]
[BlackElo "2670"]
[Annotator "TA"]
[PlyCount "67"]
[EventDate "2019.11.09"]
[EventType "tourn"]
[EventCountry "ROU"]
[SourceTitle "playchess.com"]
[Source "ChessBase"]
[SourceQuality "1"]

{[%evp 12,67,23,9,23,16,25,7,15,16,44,38,50,41,52,15,57,54,51,52,61,74,94,73,87,75,156,170,166,120,138,119,196,185,188,203,189,183,358,297,288,297,272,251,259,52,454,407,388,385,29978,29979,29986,29987,29987,29988,29992,29993]} 1. e4 c5 2. Nf3 d6 3. d4 cxd4 4. Nxd4 Nf6 5. Nc3 a6 6. h3 Nc6 7. Be3 e5 {B90: Sicilian Najdorf: Unusual White 6th moves, 6 Be3 Ng4 and 6 Be3 e5} (7... Nxd4 8. Qxd4 e5 9. Qb6 Qxb6 10. Bxb6 Be6 11. O-O-O Rc8 12. Ba5 Be7 13. Bb4 Rd8 14. Be2 d5 15. exd5 Nxd5 {½-½ (41) Ponomariov,R (2682)-Korobov,A (2756) Hengshui 2019}) 8. Nb3 Be6 9. Qf3 Be7 {The position is equal.} 10. O-O-O O-O 11. g4 b5 12. Kb1 Nd7 13. Nd5 Rb8 $146 ({Predecessor:} 13... Bxd5 14. exd5 Na5 15. Nxa5 Qxa5 {½-½ (64) Nijboer,F (2566)-Verstraeten,R (2316) Netherlands 2016}) 14. h4 a5 15. g5 a4 16. Nc1 a3 {[#]} 17. b3 $1 Bxd5 18. exd5 Nd4 (18... Nb4 $142) 19. Bxd4 $16 exd4 20. Bd3 Ne5 {[#]} 21. Qe4 $1 {[%csl Gd3][%cal Re4h7][%mdl 512]} g6 (21... Nxd3 $16 22. Nxd3 Re8) 22. f4 $18 ({Don't play} 22. Qxd4 $6 Re8 $16) 22... Qc7 {aiming for ...Qc3.} 23. Ne2 Ng4 24. Qxd4 Rfe8 $2 (24... Qb6 {was called for.}) 25. f5 Ne5 26. f6 Bf8 27. h5 Nf3 {[#]} 28. Qb4 $2 (28. hxg6 $1 $18 Nxd4 29. gxf7+ Qxf7 30. Bxh7+ Qxh7 31. Rxh7 Kxh7 32. Nxd4) 28... Nxg5 $2 {[%mdl 8192]} ({Black should play} 28... Qc5 $1 $14 29. Qf4 Rxe2 {[%mdl 64] Remove Defender} 30. Bxe2 Qc3) 29. hxg6 fxg6 30. Rdg1 Nf3 $2 {[#]} (30... Rxe2 $18 31. Bxe2 Re8) 31. Bxg6 $1 {[%mdl 512] White mates.} hxg6 32. Rxg6+ Kf7 33. Qg4 Rxe2 {[#]} 34. Rg7+ $1 {[%mdl 576] Skewer. Accuracy: White = 69%, Black = 35%.} 1-0

[Event "Superbet Blitz GCT 2019"]
[Site "Bucharest"]
[Date "2019.11.10"]
[Round "16"]
[White "Giri, Anish"]
[Black "Le, Quang Liem"]
[Result "1-0"]
[WhiteElo "2776"]
[BlackElo "2713"]
[Annotator "TA"]
[PlyCount "117"]
[EventDate "2019.11.09"]
[EventType "tourn"]
[EventCountry "ROU"]
[SourceTitle "playchess.com"]
[Source "ChessBase"]
[SourceQuality "1"]

{[%evp 17,117,0,7,3,0,0,2,0,0,3,0,0,0,-2,-6,-12,-13,-3,0,0,0,0,0,-20,-22,-23,-24,-24,-28,-76,4,5,4,-9,0,0,4,4,8,3,0,4,6,0,0,0,0,0,0,0,0,-8,-15,-15,-7,-8,0,0,0,-16,-14,-10,-12,-7,-2,0,0,0,0,0,6,6,5,9,8,14,179,76,208,211,183,199,232,246,239,226,203,162,226,248,347,201,801,652,12843,12843,12844,12844,12848,12848,12850,27999]} 1. e4 c5 2. Nf3 Nc6 3. Bb5 g6 4. O-O Bg7 5. c3 Nf6 6. Re1 O-O 7. d4 d5 8. e5 Ne4 9. Bxc6 bxc6 10. Be3 $146 {B31: Sicilian: 2...Nc6 3 Bb5 g6} (10. Nbd2 Bf5 11. Nh4 Be6 12. Nxe4 dxe4 13. Rxe4 cxd4 14. cxd4 c5 15. Be3 Qd5 16. Qc2 cxd4 17. Rxd4 Qxe5 18. Nf3 Qb5 {½-½ (45) Fedoseev,V (2664)-Motylev,A (2653) Khanty-Mansiysk 2015}) 10... cxd4 11. cxd4 Qb6 12. Qc1 {The position is equal.} a5 13. Nc3 Nxc3 14. Qxc3 Bf5 15. Nd2 Rfb8 16. b3 a4 17. h3 Qa5 18. Qxa5 Rxa5 19. bxa4 Rxa4 20. Rec1 Rb6 21. g4 Bd3 22. Rc3 Bb5 23. a3 Bxe5 ({Black should play} 23... Rba6 $17) 24. dxe5 $11 d4 {[%mdl 64] Double Attack} 25. Ne4 {With the idea Nc5.} (25. Nb3 {keeps more tension.} dxe3 26. fxe3 Ra8 27. Nc5 Ba4 28. e6) 25... dxc3 26. Nxc3 Rba6 27. Nxa4 Rxa4 {[%mdl 4096] Endgame KRB-KRB} 28. Bc5 Kf8 29. Rd1 {And now Rd8+ would win.} Ke8 30. Bb4 (30. Bb6 {seems wilder.} Ra8 31. Rd4 Ba4 32. f4 Bc2 33. Kf2) 30... Bc4 31. Kg2 Bd5+ 32. Kg3 Kd7 33. e6+ fxe6 34. Rc1 Ra8 35. f4 {[#]} e5 $1 {[%mdl 512]} 36. fxe5 Rf8 37. Rc3 Rf1 38. Re3 Ke6 39. a4 Rb1 40. Ba3 g5 41. Rc3 Re1 42. a5 Re2 {[%csl Gd5][%cal Re2g2]} 43. h4 h5 {( -> ...Rg2+)} 44. hxg5 Rg2+ 45. Kh4 Rxg4+ 46. Kxh5 Kf5 $2 (46... Ra4 $11 {and Black stays safe.}) 47. Bc1 (47. Bxe7 $18 {Hoping for a6.} Rg2 48. Kh6) 47... Ra4 {[#]} (47... Rg2 $16 {might work better.} 48. Kh6 Rh2+ 49. Kg7 Ra2) 48. Ra3 $1 $18 {[%cal Ra3a4]} Rc4 49. Be3 c5 50. a6 {[%cal Ba5a6,Ba6a7][%mdl 32]} Rc2 {[%cal Rc2h2]} 51. Kh6 c4 52. a7 Ba8 {[#]} (52... Rh2+ $142 53. Kg7 Rh3) 53. Kg7 $1 {[%cal Rg7f7] Threatens to win with Kf7.} c3 54. Bd4 (54. Kf7 $142 Ke4 55. Bb6 (55. Kxe7 Kxe3 56. e6 Kd4 $16) 55... Kxe5 56. g6 (56. Kxe7 Rg2 $16)) 54... Kxg5 $2 (54... e6 55. Kf7 Rd2) 55. Kf7 {White is clearly winning.} Rd2 56. Be3+ Kf5 57. Bxd2 cxd2 58. Rd3 Kxe5 59. Kxe7 {Accuracy: White = 66%, Black = 47%.} (59. Rxd2 $18 e6 60. Ke7) 1-0

[Event "Superbet Blitz GCT 2019"]
[Site "Bucharest"]
[Date "2019.11.10"]
[Round "16"]
[White "So, Wesley"]
[Black "Aronian, Levon"]
[Result "1-0"]
[WhiteElo "2760"]
[BlackElo "2772"]
[Annotator "TA"]
[PlyCount "105"]
[EventDate "2019.11.09"]
[EventType "tourn"]
[EventCountry "ROU"]
[SourceTitle "playchess.com"]
[Source "ChessBase"]
[SourceQuality "1"]

{[%evp 20,105,18,10,22,10,20,25,22,13,14,14,29,14,14,14,17,14,29,11,17,8,41,37,36,39,51,50,51,49,65,63,63,60,74,22,43,0,0,0,12,-6,18,16,47,0,0,0,21,0,0,0,0,0,19,19,10,6,10,20,34,32,206,208,202,201,272,283,385,355,377,370,354,270,476,468,442,461,431,443,400,396,350,362,6115,6040,29980,29981]} 1. d4 Nf6 2. g3 d5 3. Bg2 e6 4. Nf3 Be7 5. c4 O-O 6. O-O dxc4 7. Qc2 a6 8. a4 Bd7 9. Qxc4 Bc6 10. Bg5 Nbd7 11. Nc3 a5 {E05: Open Catalan: 5 Nf3 Be7} (11... h6 12. Bxf6 Nxf6 13. Rfd1 Bd5 14. Qd3 Bxf3 15. Bxf3 c6 16. e3 a5 17. h4 h5 18. e4 g6 19. Qe3 Re8 {1-0 (47) Grischuk,A (2759)-Dominguez Perez,L (2763) Khanty-Mansiysk 2019}) 12. Rfe1 Bd5 13. Qd3 Bxf3 {White has an edge.} 14. Bxf3 c6 15. Red1 $146 ({Predecessor:} 15. Rad1 h6 16. Bc1 Qb6 17. Qb1 Nd5 18. Qa2 Bb4 19. Bd2 Qxd4 20. Nxd5 cxd5 21. Bxh6 {1-0 (42) Shtyrenkov,V (2460)-Cioara,A (2390) Pardubice 1998}) 15... Nd5 16. Bd2 Nb4 17. Qb1 $1 Qb6 18. e3 Rfd8 19. Na2 Nd5 20. Qc2 (20. Bc3 {with more complications.} Rac8 21. Nc1 c5 22. Nd3 Nb4 23. Kg2) 20... Nb4 21. Nxb4 Bxb4 22. Bc3 g6 23. h4 h5 24. Kg2 Bf8 25. e4 Bg7 26. e5 Qc7 27. Be4 (27. Bd2 $16) 27... Nb6 $11 28. Rd3 Nd5 29. Bd2 Qb6 30. Rd1 Rac8 31. Qb3 Qa7 32. Be1 Rd7 33. Bd2 Qa6 34. Bc3 b5 35. Bd2 Nb6 36. Rc1 Nxa4 37. Qa2 $36 {[%mdl 2048] Black is under pressure.} Nb6 38. Qxa5 ({Avoid the trap} 38. Bxc6 $2 Rxc6 $1 {[%mdl 512]} 39. Rxc6 Qa8 $19) (38. Bxa5 Bf8) 38... Qxa5 39. Bxa5 Nd5 40. Rb3 Rb7 $2 (40... b4 $14) 41. Bxd5 $1 $18 exd5 {[#]} 42. Rbc3 $1 Ra8 {[#]} 43. b4 $1 Bh6 44. f4 Bf8 45. Rxc6 Kg7 46. Kf3 Rd7 $2 (46... Be7 47. f5 gxf5) 47. Rc7 Ra7 48. Rxd7 Rxd7 49. Rc6 Be7 {[#]} 50. f5 $1 {[%mdl 512]} gxf5 51. Kf4 Bd8 $2 (51... f6 52. Kxf5 fxe5) 52. Rd6 Rxd6 53. exd6 {Accuracy: White = 67%, Black = 37%.} 1-0

[Event "Superbet Blitz GCT 2019"]
[Site "Bucharest"]
[Date "2019.11.10"]
[Round "16"]
[White "Karjakin, Sergey"]
[Black "Mamedyarov, Shakhriyar"]
[Result "1/2-1/2"]
[WhiteElo "2754"]
[BlackElo "2772"]
[Annotator "TA"]
[PlyCount "105"]
[EventDate "2019.11.09"]
[EventType "tourn"]
[EventCountry "ROU"]
[SourceTitle "playchess.com"]
[Source "ChessBase"]
[SourceQuality "1"]

{[%evp 20,105,24,18,17,14,38,37,35,37,23,8,9,0,30,25,25,32,20,18,31,9,30,24,29,23,54,15,16,0,0,0,5,0,0,0,0,0,0,0,0,0,0,0,33,0,33,8,33,33,46,32,33,32,46,32,33,32,33,32,52,52,52,52,52,52,52,45,50,0,52,0,50,50,50,0,0,0,0,0,0,0,0,0,28,0,0,0]} 1. e4 e5 2. Nf3 Nc6 3. Nc3 Nf6 4. d4 exd4 5. Nxd4 Bc5 6. Be3 Bb4 7. Nxc6 bxc6 8. Bd3 O-O 9. O-O Re8 10. Bg5 h6 11. Bh4 g5 {C47: Scotch Four Knights and Four Knights with 4 g3} 12. Bg3 {[#] Black must now prevent e5.} d6 (12... Bxc3 13. bxc3 Nxe4 14. Qh5 d6 15. Rae1 Bf5 16. Qxh6 Re6 17. Qh5 Qf6 18. Bxe4 Bxe4 19. h4 gxh4 20. Qg4+ Qg7 21. Qxh4 {0-1 (56) Tari,A (2620)-Aronian,L (2765) St Petersburg 2018}) 13. Re1 Rb8 {White is slightly better.} 14. e5 dxe5 15. Bxe5 {White wants to play Qf3.} Bg4 16. Qd2 Bd6 $146 (16... Bf5 {feels hotter.} 17. Bxc7 Qxc7 18. Bxf5 Qa5 19. Bd3 Nd5) ({Predecessor:} 16... Bf5 17. Bxc7 Qxc7 18. Bxf5 Qa5 19. Qd3 Bxc3 20. bxc3 Rxe1+ 21. Rxe1 Qxa2 {0-1 (34) Stibal,G (1897)-Peled,S (1827) LSS email 2008}) 17. Bxd6 Qxd6 18. Rxe8+ Rxe8 19. Re1 Rxe1+ 20. Qxe1 Kg7 21. h3 Be6 22. b3 Nd5 23. Nxd5 (23. Qe4 $5 {[%cal Re4h7]}) 23... cxd5 24. Qc3+ f6 $1 25. b4 Bf7 26. Qd4 Qb6 27. c3 a5 28. Qxb6 cxb6 $11 {[%mdl 4096] Endgame KB-KB} 29. a3 Be6 30. f4 Kf7 31. Kf2 Ke7 32. Ke3 Kd6 33. Bf1 Bd7 34. g3 Be6 35. h4 Bd7 36. Kd4 Be6 37. Bd3 Bd7 38. Bh7 Be6 39. Bg6 Bd7 40. Bf7 Bc6 41. Bg8 Bb7 42. b5 Ba8 43. Bf7 Bb7 44. Bg8 Ba8 $1 45. Bf7 Bb7 $1 46. hxg5 hxg5 47. f5 Ba8 48. Be6 Bb7 49. Bf7 Ba8 50. Bg8 Bb7 51. Bf7 Ba8 52. Be6 Bb7 53. Bf7 {Accuracy: White = 56%, Black = 60%.} 1/2-1/2

[Event "Superbet Blitz GCT 2019"]
[Site "Bucharest"]
[Date "2019.11.10"]
[Round "16"]
[White "Artemiev, Vladislav"]
[Black "Anand, Viswanathan"]
[Result "1/2-1/2"]
[WhiteElo "2731"]
[BlackElo "2757"]
[Annotator "TA"]
[PlyCount "56"]
[EventDate "2019.11.09"]
[EventType "tourn"]
[EventCountry "ROU"]
[SourceTitle "playchess.com"]
[Source "ChessBase"]
[SourceQuality "1"]

{[%evp 9,56,-7,0,-6,6,0,0,0,72,5,16,12,6,8,14,3,27,20,32,33,20,0,0,-27,-17,-15,-13,-18,-15,-9,8,-14,66,0,0,0,0,-28,-12,-12,-10,-14,0,0,0,0,0,0,0]} 1. d4 Nf6 2. Bg5 d5 3. Nd2 e6 4. e3 Be7 5. Bd3 b6 6. c3 {D00: 1 d4 d5: Unusual lines} h6 (6... Bb7 7. Ngf3 Nbd7 8. Qb1 h6 9. Bh4 Nh5 10. Bxe7 Qxe7 11. O-O Nhf6 12. Ne5 Nxe5 13. dxe5 Nd7 14. f4 O-O 15. Nf3 Nc5 16. Bh7+ Kh8 17. Bc2 Ne4 18. Qd1 c5 19. Qe2 a5 20. Bd3 Rad8 21. Rad1 Bc6 22. Qe1 Kg8 {½-½ (22) Artemiev,V (2709)-Wang,H (2730) St Petersburg 2018}) 7. Bh4 O-O 8. f4 Bb7 (8... c5 $11 {keeps the balance.}) 9. Ngf3 (9. Bxf6 $1 $16 Bxf6 10. Ngf3) 9... Ne4 $146 ({Predecessor:} 9... c5 10. O-O Nc6 11. Ne5 Rc8 12. Qe2 Qc7 13. Kh1 Rfd8 {1-0 (31) Karhanek,P (2261)-Trombik,K (2228) Orlova 2006}) 10. Bxe7 Qxe7 11. Qc2 {[%cal Rd2e4]} Nd6 12. Ne5 Ba6 13. Bxa6 Nxa6 14. Qd3 Nb8 {[%cal Ba6b8,Bb8d7,Bd7f6,Bf6e4][%mdl 32]} 15. O-O Nd7 16. Rf3 Nf6 17. Rh3 Nfe4 18. Nxe4 Nxe4 19. Qe2 c5 20. Qg4 {[#] aiming for Rxh6.} f5 ({Black should try} 20... Kh7 $11) 21. Qe2 (21. Qg6 $14) 21... Rf6 $11 22. a4 c4 23. Rf3 g5 24. fxg5 {The position is equal.} hxg5 25. g4 fxg4 26. Rxf6 Nxf6 27. Rf1 Qg7 28. Nxg4 Rf8 {Accuracy: White = 56%, Black = 29%.} 1/2-1/2

[Event "Superbet Blitz GCT 2019"]
[Site "Bucharest"]
[Date "2019.11.10"]
[Round "17"]
[White "Aronian, Levon"]
[Black "Giri, Anish"]
[Result "1/2-1/2"]
[WhiteElo "2772"]
[BlackElo "2776"]
[Annotator "TA"]
[PlyCount "32"]
[EventDate "2019.11.09"]
[EventType "tourn"]
[EventCountry "ROU"]
[SourceTitle "playchess.com"]
[Source "ChessBase"]
[SourceQuality "1"]

{[%evp 11,25,18,20,14,20,24,22,19,29,26,25,25,18,20,14,0]} 1. d4 Nf6 2. c4 e6 3. Nf3 d5 4. Nc3 Be7 5. Bf4 O-O 6. e3 Nbd7 7. a3 {D37: Queen's Gambit Declined: 5 Bf4} (7. Be2 dxc4 8. O-O c5 9. dxc5 Nxc5 10. Bxc4 Qxd1 11. Rfxd1 b6 12. Bd6 Bxd6 13. Rxd6 Bb7 14. Rad1 Bxf3 15. gxf3 Rfc8 16. Be2 g5 17. R6d4 Kf8 18. f4 gxf4 19. Rxf4 {1-0 (67) Ding,L (2811)-Firouzja,A (2702) Khanty-Mansiysk 2019}) 7... c5 8. cxd5 Nxd5 9. Nxd5 exd5 10. dxc5 $1 Nxc5 11. Be5 Bf5 12. Be2 Bf6 13. Bd4 {Predecessor:} Ne6 $146 14. O-O Nxd4 15. Nxd4 Be4 16. Qb3 Bxd4 {½-½ (16) Mandiza,F (2400)-Panjwani,R (2421) Charlotte 2017} 1/2-1/2

[Event "Superbet Blitz GCT 2019"]
[Site "Bucharest"]
[Date "2019.11.10"]
[Round "17"]
[White "Anand, Viswanathan"]
[Black "So, Wesley"]
[Result "1/2-1/2"]
[WhiteElo "2757"]
[BlackElo "2760"]
[Annotator "TA"]
[PlyCount "72"]
[EventDate "2019.11.09"]
[EventType "tourn"]
[EventCountry "ROU"]
[SourceTitle "playchess.com"]
[Source "ChessBase"]
[SourceQuality "1"]

{[%evp 9,72,19,27,13,20,15,16,0,0,4,0,-11,-13,-13,-14,-30,-37,-35,-31,-70,-60,-62,-34,-27,-18,-37,-35,-39,-39,-39,-47,-166,-158,-96,0,0,0,0,0,0,0,0,0,0,0,-47,7,0,0,0,0,0,0,0,0,0,0,0,0,0,0,0,0,0,0]} 1. e4 e5 2. Nf3 Nc6 3. Bb5 Nf6 4. d3 Bc5 5. Bxc6 dxc6 6. Nbd2 {C65: Ruy Lopez: Berlin Defence (3...Nf6), unusual lines and 4 0-0 Bc5} Nd7 7. Nc4 f6 8. Qe2 (8. O-O {feels hotter.} Nb6 9. Na5 O-O 10. a4 Bd6 11. Nh4) 8... Nf8 9. Be3 (9. O-O {with more complications.} Bg4 10. c3 Ne6 11. b4 Be7 12. Rd1) 9... Bxe3 10. Nxe3 $146 ({Predecessor:} 10. fxe3 Be6 11. O-O-O Bxc4 12. dxc4 Qe7 13. h4 h5 {½-½ (84) Alekseenko,K (2637)-Adams,M (2701) Caleta 2019}) 10... Ne6 11. O-O-O c5 12. g3 Nd4 13. Nxd4 cxd4 14. Ng2 Be6 15. Kb1 Qe7 16. f4 O-O-O 17. Nh4 g6 18. Nf3 Rd6 19. fxe5 fxe5 20. Nxe5 (20. Qd2 $15) 20... Bxa2+ $1 $19 21. Kxa2 {[#] aiming for Nc4.} Qxe5 ({Black should try} 21... Ra6+ $1 $17 22. Kb1 Qxe5) 22. Ra1 $11 Rf8 23. Rhf1 $36 {[%mdl 2048] White fights for an advantage.} Ra6+ 24. Kb1 Rxf1+ 25. Qxf1 {[%mdl 4096] Endgame KQR-KQR} Rf6 26. Qh3+ Kb8 27. Ra3 (27. Qd7 $5 {[%cal Rd7d8]} b6 28. b4 $11) 27... a5 (27... Rf7 $15) 28. Qd7 {The position is equal.} Rf1+ 29. Ka2 Rf2 30. Rb3 {White wants to play Rb5!} Rxc2 31. Rb5 $1 {[%cal Rb5e5]} ({Much weaker is} 31. Qd8+ Ka7 $17) 31... Rc5 32. Rxc5 Qxc5 33. Qxh7 Ka7 34. Qxg6 {Hoping for Qf7.} Qb5 35. Qf7 {Strongly threatening Qc4!} Qa4+ 36. Kb1 Qd1+ {[%mdl 64] Double Attack. Accuracy: White = 37%, Black = 80%.} 1/2-1/2

[Event "Superbet Blitz GCT 2019"]
[Site "Bucharest"]
[Date "2019.11.10"]
[Round "17"]
[White "Artemiev, Vladislav"]
[Black "Karjakin, Sergey"]
[Result "1/2-1/2"]
[WhiteElo "2731"]
[BlackElo "2754"]
[Annotator "TA"]
[PlyCount "30"]
[EventDate "2019.11.09"]
[EventType "tourn"]
[EventCountry "ROU"]
[SourceTitle "playchess.com"]
[Source "ChessBase"]
[SourceQuality "1"]

{[%evp 13,30,-13,-17,-22,9,-22,0,0,0,0,0,-12,0,-10,-4,-12,-17,-27,-14]} 1. d4 Nf6 2. c4 e6 3. Nc3 Bb4 4. g3 O-O 5. Bg2 d5 6. Nf3 dxc4 7. O-O Nc6 8. Qa4 {E20: Nimzo-Indian: 4 g3 and 4 f3} Bd7 (8... Nd5 9. Qc2 Be7 10. Rd1 Ncb4 11. Qd2 Rb8 12. Ne5 Nb6 13. a3 N4d5 14. e4 Nxc3 15. Qxc3 Bd7 16. Nxc4 Nxc4 17. Qxc4 {1-0 (70) Dubov,D (2700)-Anand,V (2764) Paris 2019}) 9. Rd1 Bxc3 10. bxc3 {The position is equal.} Nxd4 11. Qxc4 Nxf3+ 12. Bxf3 Qc8 13. Bf4 $146 ({Predecessor:} 13. Qc5 Re8 14. Bg5 Nd5 15. e4 Nb6 {½-½ (71) Baryshpolets,A (2609)-Henderson de la Fuente,L (2485) Rockville 2018}) 13... Nd5 14. Bxd5 exd5 15. Qxc7 Qxc7 1/2-1/2